| 000 | 00854cad a22001935a 4500 | ||
|---|---|---|---|
| 001 | L157202 | ||
| 008 | 120919s2012 xxk f 000 0 eng d | ||
| 035 | _a(Sirsi) u157202 | ||
| 041 | 0 | _aeng | |
| 110 | 2 |
_aSavills _92020 |
|
| 245 | 0 | 0 |
_aSavills Sentiment Survey Results Snapshot 2012 _h[electronic resource] |
| 260 |
_aLondon _bSavills _c2012 |
||
| 520 | _aLooks at accuracy of predictions made in the 2011 Sentiment Survey for the residential market. Outlines sentiment views on how the residential sector will fare in 2012 based on a poll of 800 respondents representing different areas of the sector. | ||
| 590 | _aKA | ||
| 651 | 4 |
_aUnited Kingdom _y |
|
| 690 |
_aResidential property _96266 |
||
| 856 | 4 | 0 |
_uhttps://www.savills.co.uk/research_articles/141285/142249-0 _zView the item free of charge from the www.savills.co.uk website |
| 942 | _n0 | ||
| 999 |
_c114648 _d114648 |
||